Principios de política (Record no. 155529)

MARC details
000 -LEADER
campo de control de longitud fija 00895nam a2200193 i 4500
001 - NÚMERO DE CONTROL
campo de control 155529
003 - IDENTIFICADOR DE NÚMERO DE CONTROL
campo de control ES-MaACL
005 - FECHA Y HORA DE LA ÚLTIMA TRANSACCIÓN
campo de control 20250914145937.0
008 - DATOS DE LONGITUD FIJA--INFORMACIÓN GENERAL
campo de control de longitud fija 940301s1888 sp |||| | spa d
100 1# - ENTRADA PRINCIPAL--NOMBRE DE PERSONA
Nombre de persona Holtzendorff, Franz von.
9 (RLIN) 128016
245 10 - MENCIÓN DEL TÍTULO
Título Principios de política
Resto del título : introducción al estudio de la ciencia política contemporánea /
Mención de responsabilidad, etc. por F. Von Holtzendorff ; versión española, con autorización y concurso del autor, aumentada con notas críticas y un estudio preliminar por Adolfo Buylla, y Adolfo Posada.
260 ## - PUBLICACIÓN, DISTRIBUCIÓN, ETC.
Lugar de publicación, distribución, etc. Madrid :
Nombre del editor, distribuidor, etc. Librería de Fernando Fe,
Fecha de publicación, distribución, etc. 1888 (
Fabricante Imp. de Enrique Rubiños)
300 ## - DESCRIPCIÓN FÍSICA
Extensión LVI, 392 p. ;
Dimensiones 23 cm.
650 #7 - PUNTO DE ACCESO ADICIONAL DE MATERIA--TÉRMINO DE MATERIA
Término de materia o nombre geográfico como elemento de entrada Política
Fuente del encabezamiento o término embne
9 (RLIN) 140345
700 1# - ENTRADA AGREGADA--NOMBRE PERSONAL
Nombre de persona Posada, Adolfo,
Fechas asociadas al nombre 1860-1944
9 (RLIN) 93316
700 1# - ENTRADA AGREGADA--NOMBRE PERSONAL
Nombre de persona Buylla y González Alegre, Adolfo A.,
Fechas asociadas al nombre 1850-1927
9 (RLIN) 32991
852 ## - LOCALIZACIÓN
Ubicación ES-MaACL
Número de control de estantería G-15016
Nota libre - Enc. hol.
Holdings
Estatus retirado Estado de pérdida Estado de daño No para préstamo Colección Biblioteca de origen Biblioteca actual Ubicación en estantería Fecha de adquisición Fuente de adquisición Total de préstamos Signatura topográfica completa Código de barras Visto por última vez Precio de reemplazo Tipo de ítem Koha
        Libros del s. XIX Biblioteca del Ateneo de Madrid Biblioteca del Ateneo de Madrid Sala Pecera Planta 3 17/01/2008     G-15016 1162687 23/02/2023 23/02/2023 Libro impreso antiguo